| 000 -LEADER |
| fixed length control field |
00623cam a2200205 4500 |
| 001 - CONTROL NUMBER |
| control field |
292531 |
| 005 - DATE AND TIME OF LATEST TRANSACTION |
| control field |
20180809075438.0 |
| 008 - FIXED-LENGTH DATA ELEMENTS--GENERAL INFORMATION |
| fixed length control field |
700611s1970 paua b 001 0 eng |
| 010 ## - LIBRARY OF CONGRESS CONTROL NUMBER |
| LC control number |
70103568 |
| 040 ## - CATALOGING SOURCE |
| Original cataloging agency |
DLC |
| Transcribing agency |
DLC |
| Modifying agency |
DLC |
| 041 ## - LANGUAGE CODE |
| Language code of text/sound track or separate title |
eng |
| 080 ## - UNIVERSAL DECIMAL CLASSIFICATION NUMBER |
| Universal Decimal Classification number |
617.412 KIR |
| 082 00 - DEWEY DECIMAL CLASSIFICATION NUMBER |
| Classification number |
617.412 KIR |
| 100 1# - Rafti |
| Rafti |
5 |
| 101 ## - Shkurtesa |
| Shkurtesa |
KIR |
| 245 14 - TITLE STATEMENT |
| Title |
The tetralogy of Fallot from a surgical viewpoint |
| Statement of responsibility, etc |
[by] John W. Kirklin [and] Robert B. Karp. With the collaboration of Alberto Barcia and L. M. Bargeron. |
| 504 ## - BIBLIOGRAPHY, ETC. NOTE |
| Bibliography, etc |
Bibliography: p. 177-186. |
| 906 ## - LOCAL DATA ELEMENT F, LDF (RLIN) |
| a |
7 |
| b |
cbc |
| c |
orignew |
| d |
u |
| e |
ncip |
| f |
19 |
| g |
y-gencatlg |
| 942 ## - ADDED ENTRY ELEMENTS (KOHA) |
| Source of classification or shelving scheme |
|
| Item type |
Books |